| 000 | 00711nam a22001577a 4500 | ||
|---|---|---|---|
| 003 | OSt | ||
| 005 | 20151110153513.0 | ||
| 008 | 151106b xxu||||| |||| 00| 0 eng d | ||
| 040 | _cRUA | ||
| 082 | _aFOR TEK 1999 B125 Or.1 | ||
| 100 |
_93466 _aTEK, TOP. |
||
| 245 | _aAnalysis of tiber and non -timber forest products collected by villagers in snam prampi from bokor national park, ការវិភាគផល អនុផលព្រៃឈើដែលប្រជាជននៅក្នុងភូមិស្នំប្រាំពីរប្រមូលបានពីឧទ្យានជាតិបូកគោ | ||
| 260 |
_aPhnom penh _bRUA _c1999 |
||
| 300 |
_a61p. _bill. _c29cm. |
||
| 942 |
_2ddc _cFOR |
||
| 999 |
_c3236 _d3236 |
||